Từ điển ngữ văn : Dùng cho học sinh - sinh viên
Trình bày các khái niệm cơ bản liên quan đến việc dạy và học môn ngữ văn trong nhà trường. Các thuật ngữ thông dụng và thuật trong sách giáo khoa ngữ văn được giải nghĩa đơn giản, dễ hiểu
में बचाया:
| मुख्य लेखक: | |
|---|---|
| स्वरूप: | पुस्तक |
| भाषा: | Undetermined |
| प्रकाशित: |
Hà Nội
Giáo dục Việt Nam
2011
|
| विषय: | |
| टैग : |
टैग जोड़ें
कोई टैग नहीं, इस रिकॉर्ड को टैग करने वाले पहले व्यक्ति बनें!
|
| Thư viện lưu trữ: | Trung tâm Học liệu Trường Đại học Cần Thơ |
|---|
| LEADER | 00954nam a2200217Ia 4500 | ||
|---|---|---|---|
| 001 | CTU_183817 | ||
| 008 | 210402s9999 xx 000 0 und d | ||
| 020 | |c 98000 | ||
| 082 | |a 495.9223 | ||
| 082 | |b Y600 | ||
| 100 | |a Nguyễn, Như Ý | ||
| 245 | 0 | |a Từ điển ngữ văn : | |
| 245 | 0 | |b Dùng cho học sinh - sinh viên | |
| 245 | 0 | |c Nguyễn Như Ý, Đỗ Việt Hùng, Chu Huy (chủ biên) | |
| 260 | |a Hà Nội | ||
| 260 | |b Giáo dục Việt Nam | ||
| 260 | |c 2011 | ||
| 520 | |a Trình bày các khái niệm cơ bản liên quan đến việc dạy và học môn ngữ văn trong nhà trường. Các thuật ngữ thông dụng và thuật trong sách giáo khoa ngữ văn được giải nghĩa đơn giản, dễ hiểu | ||
| 650 | |a Vietnamese language,Tiếng Việt | ||
| 904 | |i Hải | ||
| 980 | |a Trung tâm Học liệu Trường Đại học Cần Thơ | ||